| 000 | 03835nam0a2200469 4500 | ||
|---|---|---|---|
| 001 | RU\NLR\BIBL_A\022327572 | ||
| 005 | 20260426041123.0 | ||
| 010 | _a978-5-903802-49-4 | ||
| 021 |
_aRU _bКН-П-24-045733 _9КН-П-24-4551 |
||
| 035 | _a(NLR Aleph) 022327572 | ||
| 090 |
_a13665348 _c13665348 |
||
| 100 | _a20240919d2024 k y0rusy50 ca | ||
| 101 | 0 | _arus | |
| 102 | _aRU | ||
| 105 | _aa z 010yy | ||
| 181 | 0 |
_ai _baxxe |
|
| 182 | 0 | _an | |
| 200 | 1 |
_aСозидающий вектор современного развития союзного государства России и Республики Беларусь _eэкономика, право, безопасность _eмонография _fАндрияшко М. В., Артамонова Н. В., Бушуева О. В. [и др.] _gответственные редакторы: кандидат философских наук, доцент Петровский Н. А., доктор юридических наук, профессор Фролова Н. А. _gМинистерство образования Республики Беларусь, Барановичский государственный университет, Брестский государственный университет имени А. С. Пушкина, Министерство науки и высшего образования Российской Федерации, Брянский филиал Президентской академии |
|
| 203 |
_aТекст _bвизуальный _cнепосредственный |
||
| 210 |
_aБрянск _cИзд-во Брянского филиала РАНХиГС при Президенте РФ _d2024 |
||
| 215 |
_a271 с. _cил., цв. ил., табл., портр. _d22 |
||
| 300 | _aАвт. указаны на обороте тит. с. | ||
| 300 | _aНа 269-271-й с. авт.: Андрияшко М. В., Артамонова Н. В., Бушуева О. В. кандидаты, юрид. наук, доценты | ||
| 300 | _aПосвящ. 80-летию освобождения от нем.-фашист. захватчиков в Великой Отеч. войне 1941–1945 годов: г. Брянска и Брян. пром. р-на в ходе наступат. операции войск Брян. фронта 1943 г. и др. | ||
| 320 | _aБиблиогр. в подстроч. примеч. | ||
| 601 | 0 | 1 |
_aСоюзное государство _3RU\NLR\AUTH\6601664596 _92429740 |
| 607 |
_aРоссийская Федерация _xЭкономические взаимоотношения _yБеларусь, Республика _92226290 _3RU\NLR\AUTH\661336473 |
||
| 607 |
_aБеларусь, Республика _xЭкономические взаимоотношения _yРоссийская Федерация _92226289 _3RU\NLR\AUTH\661336472 |
||
| 686 | 1 | _aУ9(2Б)89(2Р) | |
| 686 | 1 | _aУ9(2Р)89(2Б) | |
| 686 | 1 | _aХ915.22(2) | |
| 701 | 1 |
_aАндрияшко _bМ. В. _gМарина Васильевна |
|
| 701 | 1 |
_7ca _8rus _aАртамонова _bН. В. _cканд. юрид. наук _gНаталья Вячеславна _985917 _3RU\NLR\AUTH\77102991 |
|
| 701 | 1 |
_aБушуева _bО. В. _gОльга Викторовна |
|
| 702 | 1 |
_aПетровский _bН. А. _gНиколай Александрович _4340 |
|
| 712 | 0 | 1 |
_4570 _aРоссийская Федерация _bМинистерство науки и высшего образования _9621458 _3RU\NLR\AUTH\880480400 |
| 712 | 0 | 2 |
_4570 _aБарановичский государственный университет _9345319 _3RU\NLR\AUTH\8810230150 |
| 942 | _cBOOK | ||
| 980 | _aNB | ||